00541nam a2200181Ia 4500100002100000650002400021250000600045942000700051366000900058654001400067245003100081260004400112082000800156300000800164546001200172999001700184952015800201 aRoy choudhury D  aIntegrated Circuits a3 cBK f17.5 amechanics aLinear Integrated Circuits bNew Age Int (P) LtdaNew Delhic2007 bROY a384 aENGLISH c24946d24946 001040708CRCaCRCEbCRCEd2023-03-17eEducational books and periodicalsg185.63i257 dt 27/04/2009l0o ROYp19531r2023-03-17v225.00w0000-00-00yBK